Elementy matematičeskoj ekonomiki

Guardado en:
Detalles Bibliográficos
Autor principal: Ekeland, Ivar
Formato: Libro
Lenguaje:ruso
Publicado: Moskva Mir 1983
Etiquetas: Agregar Etiqueta
Sin Etiquetas, Sea el primero en etiquetar este registro!

MARC

LEADER 00000nam a2200000 4500
001 c116539
005 20230117081027.9
041 0 |a rus 
044 |a RU 
245 1 0 |a Elementy matematičeskoj ekonomiki  |c Ivar Ekeland 
264 1 |a Moskva  |b Mir  |c 1983 
300 |a 245 s. 
100 1 |a Ekeland, Ivar